La Biblioteca Americana, o Miscelánea de Literatura, Artes i Ciencias
Uloženo v:
| Korporativní autor: | |
|---|---|
| Médium: | Kniha |
| Jazyk: | španělština |
| Vydáno: |
Londres
G. Marchant
1823
|
| Vydání: | 1a. ed |
| Témata: | |
| Tagy: |
Přidat tag
Žádné tagy, Buďte první, kdo vytvoří štítek k tomuto záznamu!
|
MARC
| LEADER | 00000nam a2200000 a 4500 | ||
|---|---|---|---|
| 001 | UCJ7931 | ||
| 003 | CL-VaPUC | ||
| 005 | 20240802150136.0 | ||
| 008 | 070124e18230000UK |||||||||||||||||spa|d | ||
| 999 | |c 323791 |d 323789 | ||
| 040 | |c Pontificia Universidad Católica de Valparaíso | ||
| 082 | 0 | 4 | |a H864 |b SOC |2 21 |
| 110 | 2 | |a Sociedad de Americanos |e author |9 516452 | |
| 245 | 1 | 3 | |a La Biblioteca Americana, o Miscelánea de Literatura, Artes i Ciencias |
| 250 | |a 1a. ed | ||
| 260 | |a Londres |b G. Marchant |c 1823 | ||
| 300 | |a viii, 532 p | ||
| 500 | |a 8§, media pasta.- 1 h.- Port.- v.: cita tomada de Petrarca.- Prospecto, viii p.- 472 p. una h., tres láminas, dos de ellas en colores.- Tomo II, 60 p.- Los directores y principales redactores fueron Don Andrés Bello y Juan García del Río, cuyas iniciales aparecen en la mayoría de los artículos | ||
| 583 | |a last modification |c 20190801 10:17:33 |k Rodrigo Vera | ||
| 600 | 0 | 7 | |a BELLO, ANDRES |2 CL-VaPUC |9 516453 |
| 600 | 0 | |a García del Río, Juan |e Ensayos |9 516454 | |
| 650 | 0 | |a Literatura hispanoamericana |9 269097 | |
| 650 | 0 | |a Ensayo |9 368802 | |
| 650 | 0 | |a Ciencias |9 327866 | |
| 650 | 0 | |a Artesanía |9 353181 | |
| 650 | 7 | |a FAUNA |2 CL-VaPUC |9 349523 | |
| 650 | 0 | |a Ilustraciones |9 369481 | |
| 650 | 0 | |a Poesía |9 265825 | |
| 650 | 0 | |a Crítica literaria |9 269189 | |
| 650 | 7 | |a LIBRO RARO |2 CL-VaPUC |9 504169 | |
| 650 | 7 | |a DESCRIPCION BIBLIOFILICA |2 CL-VaPUC |9 504580 | |
| 942 | |c BK |2 ddc | ||
| 945 | |d 20070124 00:00:00 |a rinostro | ||
| 952 | |0 0 |1 0 |4 0 |6 H_864_000000000000000_SOC_1823 |7 0 |8 X |9 403594 |a FDOBUD |b FDOBUD |d 2019-11-22 |i 1070436 |o H864 SOC 1823 |p 1070436 |r 2019-11-22 |w 2019-11-22 |y BK_X |k BUD | ||